| 000 | 01309cam a22003737a 4500 | ||
|---|---|---|---|
| 003 | CHAP | ||
| 005 | 20220817041016.0 | ||
| 008 | 971013s1990 r 00010 d | ||
| 010 | _a4493 | ||
| 011 | _a5465 | ||
| 035 | _a4676 | ||
| 040 | _cCHAP | ||
| 090 | _aFolleto 13798 | ||
| 100 | 0 | 0 |
_aCordero Quesada, William. _927962 |
| 245 | 1 | 4 |
_aLos bueyes _b: selección, entrenamiento, sanidad y nutrición |
| 260 |
_aCartago, C.R. : _bInstituto Tecnológico de Costa Rica. Centro de Información Tecnológica., _c1990 |
||
| 300 |
_a76 p. _b: ilus |
||
| 490 | 0 |
_aSerie Informativa Tecnología Apropiada _v; 21 |
|
| 500 | _a1992-340 | ||
| 590 |
_aBATCH-UPD _b10 _c20130110 _lUCH01 _h0206 |
||
| 590 |
_aBATCH-UPD _b10 _c20130110 _lUCH01 _h1726 |
||
| 590 |
_aBATCH-UPD _b10 _c20130409 _lUCH01 _h2219 |
||
| 590 |
_aBATCH-UPD _b10 _c20130410 _lUCH01 _h1108 |
||
| 590 |
_aBATCH-UPD _b10 _c20130914 _lUCH01 _h1525 |
||
| 590 |
_aCONVERSION _b10 _c20130109 _lUCH01 _h1304 |
||
| 650 | 1 | 4 |
_aGanado vacuno _xAlimentación. _945429 |
| 650 | 1 | 4 |
_aGanado vacuno _xNutrición. _945498 |
| 650 | 1 | 4 |
_aGanado vacuno _xSelección. _945513 |
| 700 | 0 |
_aAguilar Cespedes, Manuel. _92683 |
|
| 830 | 0 |
_aSerie Informativa Tecnología Apropiada _v; 21 |
|
| 901 | _aBK | ||
| 942 | _cFOLL | ||
| 949 |
_aFolleto 13798 _bBC _cFOLL _d-14223 _eTS1 _i4676 _si |
||
| 999 |
_c4493 _d4493 |
||